[Event "SVK-ch U14"]
[Site "Liptovsky Mikulas"]
[Date "2016.04.22"]
[Round "8"]
[White "Zelnik, Simon"]
[Black "Kubovics, Gergely Mate"]
[Result "1-0"]
[WhiteElo "1208"]
[BlackElo "1097"]
[PlyCount "53"]
[EventDate "2016.04.16"]
[EventType "swiss"]
[EventRounds "9"]
[EventCountry "SVK"]
[SourceTitle "CBM 172 Extra"]
[Source "ChessBase"]
[SourceDate "2016.06.21"]
[SourceVersion "1"]
[SourceVersionDate "2016.06.21"]
[SourceQuality "1"]

1. e4 e5 2. Nf3 Nc6 3. Bc4 Bc5 4. 0-0 Nf6 5. Nc3 d6 6. h3 Bd7 7. d3 Be6 8. Bg5 h6 9. Bh4 g5 10. Bxe6 fxe6 11. Bg3 Qe7 12. Ne2 Nd4 13. Nexd4 exd4 14. e5 Nd7 15. exd6 cxd6 16. Qd2 0-0-0 17. Rac1 Nf6 18. c3 e5 19. Rfe1 Qg7 20. cxd4 exd4 21. Nxd4 Qg6 22. Ne6 Rd7 23. Nxc5 dxc5 24. Rxc5+ Kd8 25. Qc3 Rd4 26. Rc8+ Kd7 27. Qc7# 1-0